Транспортно-технологические схемы перевозки углеводородного сырья по Северному морскому пути (Запись № 11718050)

Подробности
000 -МАРКЕР
контрольное поле 02720nam0a2200349 4500
001 - ИДЕНТИФИКАТОР ЗАПИСИ
контрольное поле RU\NLR\BIBL_A\012063357
005 - ИДЕНТИФИКАТОР ВЕРСИИ
контрольное поле 20190827160945.0
010 ## - МЕЖДУНАРОДНЫЙ СТАНДАРТНЫЙ НОМЕР КНИГИ (ISBN)
Номер (ISBN) 978-5-9509-0340-3
Тираж 500
021 ## - НОМЕР ГОСУДАРСТВЕННОЙ РЕГИСТРАЦИИ
Код страны Российская Федерация
Номер КН-П-19-047037
Номер Листа государственной регистраци КН-П-19-3430
035 ## - ДРУГИЕ СИСТЕМНЫЕ НОМЕРА
Идентификатор записи (NLR Aleph) 012063357
035 ## - ДРУГИЕ СИСТЕМНЫЕ НОМЕРА
Идентификатор записи (RuMoRGB)010026296
100 ## - ДАННЫЕ ОБЩЕЙ ОБРАБОТКИ
Данные общей обработки 20190725d2019 k y0rusy50 ca
101 0# - ЯЗЫК РЕСУРСА
Язык текста, звукозаписи и т.д. русский
102 ## - СТРАНА ПУБЛИКАЦИИ ИЛИ ПРОИЗВОДСТВА
Страна публикации Российская Федерация
105 ## - ПОЛЕ КОДИРОВАННЫХ ДАННЫХ: ТЕКСТОВЫЕ МАТЕРИАЛЫ, МОНОГРАФИЧЕСКИЕ
Кодированные данные о монографическом текстовом документе a|||z|||000zy
200 1# - ЗАГЛАВИЕ И СВЕДЕНИЯ ОБ ОТВЕТСТВЕННОСТИ
Основное заглавие Транспортно-технологические схемы перевозки углеводородного сырья по Северному морскому пути
Сведения, относящиеся к заглавию монография
Первые сведения об ответственности [Булов Анатолий Андреевич, д.э.н., проф., Алексеева Елена Кирилловна, к.э.н., проф., Кислова Татьяна Александровна, к.э.н., проф. и др.]
Последующие сведения об ответственности под общ. ред. А.А Булова
-- Федеральное агентство морского и речного транспорта, Федеральное государственное бюджетное образовательное учреждение высшего образования Государственный университет морского и речного флота имени адмирала С.О. Макарова, Институт международного транспортного менедежмента
210 ## - ПУБЛИКАЦИЯ, РАСПРОСТРАНЕНИЕ И ДР.
Место издания, распространения и т.д. Санкт-Петербург
Имя издателя, распространителя и т. д. Изд-во ГУМРФ им. адмирала С.О. Макарова
Дата издания, распространения и т.д. 2019
215 ## - ФИЗИЧЕСКАЯ ХАРАКТЕРИСТИКА
Специфическое обозначение материала и объем 113, [2] с.
Другие сведения о физической характеристике ил., табл.
Размеры 21
300 ## - ОБЩИЕ ПРИМЕЧАНИЯ
Текст примечания Авт. указаны в вып. дан.
320 ## - ПРИМЕЧАНИЯ О НАЛИЧИИ В ДОКУМЕНТЕ БИБЛИОГРАФИИ / УКАЗАТЕЛЯ
Текст примечания Библиогр.: с. 111-114 (47 назв.)
606 1# - НАИМЕНОВАНИЕ ТЕМЫ КАК ПРЕДМЕТ
Наименование темы Нефть
Тематический подзаголовок Морские перевозки
Географический подзаголовок Арктика
Системный номер авторитетной/нормативной записи 2230712
Идентификатор авторитетной/нормативной записи RU\NLR\AUTH\661338899
686 1# - ИНДЕКСЫ ДРУГИХ КЛАССИФИКАЦИЙ
Индекс О486.489.3
701 #1 - ИМЯ ЛИЦА - АЛЬТЕРНАТИВНАЯ ОТВЕТСТВЕННОСТЬ
Начальный элемент ввода Булов
Часть имени, кроме начального элемента ввода А. А.
Расширение инициалов личного имени Анатолий Андреевич
701 #1 - ИМЯ ЛИЦА - АЛЬТЕРНАТИВНАЯ ОТВЕТСТВЕННОСТЬ
Графика поля Кириллица
Материалы, к которым относится поле rus
Начальный элемент ввода Алексеева
Часть имени, кроме начального элемента ввода Е. К.
Дополнения к именам, кроме дат канд. экон. наук
Расширение инициалов личного имени Елена Кирилловна
Системный номер авторитетной/нормативной записи 101219
Идентификатор авторитетной/нормативной записи RU\NLR\AUTH\77118294
701 #1 - ИМЯ ЛИЦА - АЛЬТЕРНАТИВНАЯ ОТВЕТСТВЕННОСТЬ
Начальный элемент ввода Кислова
Часть имени, кроме начального элемента ввода Т. А.
Дополнения к именам, кроме дат канд. экон. наук
Расширение инициалов личного имени Татьяна Александровна
Системный номер авторитетной/нормативной записи 188787
Идентификатор авторитетной/нормативной записи RU\NLR\AUTH\770188838
712 02 - НАИМЕНОВАНИЕ ОРГАНИЗАЦИИ - ВТОРИЧНАЯ ОТВЕТСТВЕННОСТЬ
Код отношения Прочие
Начальный элемент ввода Государственный университет морского и речного флота им. С. О. Макарова
Структурное подразделение Институт международного транспортного менеджмента
Идентифицирующий признак Санкт-Петербург
Системный номер авторитетной/нормативной записи 611066
Идентификатор авторитетной/нормативной записи RU\NLR\AUTH\880474800
942 ## - ДОПОЛНИТЕЛЬНЫЕ ЭЛЕМЕНТЫ ЗАПИСИ (АБИС)
Тип экземпляра АБИС Книга
980 ## - КОЛЛЕКЦИЯ
Название коллекции Национальная библиография
Экземпляры
Тип экземпляра Дата поступления Источник поступления Библиотека постоянного хранения Библиотека текущего хранения Место хранения Шифр хранения Штрих-код Статус экземпляра
Книга 25.07.2019 Обязательный экземпляр РНБ (Московский) РНБ (Московский) Русский книжный фонд: издания с 1957 года 2019-3/19605 1-2810941  
Книга 25.07.2019 Обязательный экземпляр РНБ (Московский) РНБ (Московский) Русский книжный фонд: издания с 1957 года 2019-3/19605 1-2810942